So far from heaven / (Record no. 130537)

MARC details
000 -LEADER
fixed length control field 00551nam a22002177a 4500
005 - DATE AND TIME OF LATEST TRANSACTION
control field 20170124110113.0
010 ## - LIBRARY OF CONGRESS CONTROL NUMBER
LC control number 821498
020 ## - INTERNATIONAL STANDARD BOOK NUMBER
Terms of availability 00.00
International Standard Book Number 0340185414
035 ## - SYSTEM CONTROL NUMBER
System control number 821498
037 ## - SOURCE OF ACQUISITION
Source of stock number/acquisition Cen Lib/Ret
040 ## - CATALOGING SOURCE
Original cataloging agency DPL
Language of cataloging EN
082 ## - DEWEY DECIMAL CLASSIFICATION NUMBER
Classification number N
Item number BRA
100 ## - MAIN ENTRY--PERSONAL NAME
Personal name Bradford, Richard
9 (RLIN) 29456
245 ## - TITLE STATEMENT
Title So far from heaven /
Statement of responsibility, etc by Richard Bradford
260 ## - PUBLICATION, DISTRIBUTION, ETC. (IMPRINT)
Name of publisher, distributor, etc Hodder and Stoughton
Place of publication, distribution, etc London
Date of publication, distribution, etc 1973
270 ## - ADDRESS
City London
300 ## - PHYSICAL DESCRIPTION
Extent 273p.
Dimensions 19cm(Hb)
650 ## - SUBJECT ADDED ENTRY--TOPICAL TERM
Topical term or geographic name as entry element Literature
9 (RLIN) 6262
650 ## - SUBJECT ADDED ENTRY--TOPICAL TERM
Topical term or geographic name as entry element Novels
9 (RLIN) 13976
942 ## - ADDED ENTRY ELEMENTS (KOHA)
Source of classification or shelving scheme Dewey Decimal Classification
Koha item type English Books
Classification part N
Call number suffix BRA
Holdings
Withdrawn status Lost status Damaged status Not for loan Home library Current library Date acquired Source of acquisition Cost, normal purchase price Total Checkouts Full call number Barcode Date last seen Copy number Cost, replacement price Price effective from Koha item type Public note
Written off       Central Library Central Library 09/07/2015 Cen Lib/Ret 0.00   N BRA 821498 09/07/2015 1 0.00 09/07/2015 English Books W/d List No. 6859/11 ; dtd 04/08/2020

© Delhi Public Library
Hit Counter
free hit counter